[Event "Taranto op 1st"]
[Site "Taranto"]
[Date "2002.08.31"]
[Round "4"]
[White "Mrdja, Milan"]
[Black "Lanzillotta, Angelo"]
[Result "1-0"]
[WhiteElo "2370"]
[BlackElo "1909"]
[PlyCount "65"]
[EventDate "2002.08.29"]
[EventType "swiss"]
[EventRounds "7"]
[EventCountry "ITA"]
[SourceTitle "EXT 2007"]
[Source "ChessBase"]
[SourceDate "2006.11.23"]
[SourceVersion "1"]
[SourceVersionDate "2006.11.23"]
[SourceQuality "1"]

1. e4 c5 2. Nf3 Nc6 3. Bb5 g6 4. Bxc6 dxc6 5. h3 e5 6. d3 f6 7. Nc3 Nh6 8. Be3 Nf7 9. Qd2 Be6 10. Nh2 g5 11. 0-0-0 Qa5 12. Kb1 0-0-0 13. Qe1 Kb8 14. Bd2 Qa6 15. b3 b5 16. Ng4 Be7 17. Ne3 Nd6 18. Bc1 c4 19. d4 exd4 20. Rxd4 b4 21. Na4 Nb5 22. Rxd8+ Rxd8 23. Qf1 cxb3 24. axb3 Nc7 25. Bb2 Qxf1+ 26. Rxf1 Nb5 27. Kc1 Nd4 28. Re1 Nxb3+ 29. cxb3 Bxb3 30. Nf5 Bxa4 31. Nxe7 Rf8 32. Bd4 Bb5 33. Bc5 1-0